| 000 | 00865nam a2200205 a 4500 | ||
|---|---|---|---|
| 001 | 000038370 | ||
| 003 | DO-SdBNP | ||
| 005 | 20211018105940.0 | ||
| 007 | ta | ||
| 008 | 130409s2019 dr ad r 001 0 spa d | ||
| 020 | _a9789945220162 | ||
| 040 |
_aDO-SdBNP _bspa _cBNPHU |
||
| 082 | 4 |
_222 _bT147d |
|
| 111 | 1 |
_aTaller Internacional "Legislación Educativa Comparada y Experiencias de Reformas Educativas en América Latina" _d(2018 : diciembre 10-11 _cSanto Domingo, República Dominicana) _964726 |
|
| 245 | 1 | 0 | _aDiscursos, ponencias, documentos y debates del taller internacional legislación educativa comprarada y experiencias de reformas educativas en América Latina. |
| 260 |
_aSanto Domingo : _bADP ; _bCámara de Diputados de la República Dominicana, _c2019. |
||
| 300 |
_a364 p. : _bil. ; _c23 cm. |
||
| 590 | _aInventariado, 2020/BT | ||
| 942 |
_2ddc _cLBS1 |
||
| 999 |
_c37860 _d37860 |
||